000 01128naa a2200325 c 4500
001 49126
999 _c49126
_d49126
003 ES-MaCES
005 20170405110127.0
008 170405s2016 sp ||||| t||||||| ||spa d
040 _aES-MaCES
_bspa
_cES-MaCES
_dES-MaCES
100 1 _937974
_aRossiter, Jonathan
245 1 3 _aLa robótica, los materiales inteligentes y su impacto futuro para la huminidad
_cJonathan Rossiter
500 _aResumen
504 _aBibliografía: p. 45
650 4 _928238
_atecnología
650 4 _928236
_acambio tecnológico
650 4 _930166
_ainteligencia artificial
650 4 _928875
_acibernética
650 4 _929509
_arobot industrial
650 4 _929780
_abiotecnología
650 4 _930450
_amateriales de punta
650 4 _930464
_afibras sintéticas orgánicas
650 4 _927286
_acambio social
650 4 _928211
_arelaciones humanas
650 4 _928901
_afuturo
653 1 0 _aNuevas tecnologías
773 0 _985984
_d[Madrid] BBVA [2016]
_o088882
_tEl próximo paso
_w(ES-MaCES)49104
_z9788416714445
_gp. 28-45 . - SG-7.0.-384
902 _aARL Artículo de libro
942 _2CES
_cAR
_h7.2.